000 00366nam a2200133 a 4500
005 20140414093848.0
008 110610s19uu xx 00 eng d
020 _a9781424007936
050 _aCD 423
_bCOL 2008
245 _aCollins Cobuild School Dictionary of American English /
_cCollins.
260 _bHarper Collins,
_c2008.
942 _cAVM
999 _c109766
_d109766